00977nam a2200265 a 4500001001000000003000600010005001700016008004100033035002100074040002600095043002100121100004000142245011200182246004200294260008000336300002000416490002600436504004100462651003600503651004000539651003800579700002900617700003100646852003400677000012233UkOxU20200929162744.0010501c19761973ve b 000 0 spa d a(MH)MHAFE05439HU aDO-SdBNPcMHdCStRLIN as-ve---acl-----1 aMaza Zavala, Domingo Felipe,d1922-10aVenezuela :beconomia y dependencia /cD. F. Maza Zavala, Héctor Malavé Mata, Héctor Silva Michelena.14aVenezuela, una economía dependiente aCaracas, Venezuela :bFondo Editorial Salvador de la Plaza,c[1976], c1973. a76 p. ;c20 cm.0 aColeção Rocinante aIncludes bibliographical references. 0aVenezuelaxEconomic Conditions. 0aLatin AmericaxEconomic Conditions. 0aLatin AmericaxSocial Conditions.1 aMalavé Mata, Héctor.1 aSilva Michelena, Héctor. 713877084yIn place5N11461594